[Event "DFMMLV 2019"]
[Site "Braunfels"]
[Date "2019.06.23"]
[Round "5.54"]
[White "Perovic-Ottstadt, Sanja"]
[Black "Weinmann, Helene"]
[Result "1/2-1/2"]
[WhiteElo "1593"]
[BlackElo "1522"]
[Annotator "NA"]
[PlyCount "71"]
[EventDate "2019.06.20"]
[EventType "team-tourn"]
[EventCountry "GER"]
[SourceTitle "playchess.com"]
[Source "ChessBase"]
[SourceQuality "1"]
[WhiteTeam "Rheinland Pfalz"]
[BlackTeam "Saarland"]
[TimeControl "40/5400+30:1800+30"]

1. d4 {[%emt 0:00:00]} Nf6 {[%emt 0:00:00]} 2. Nf3 {[%emt 0:00:00]} g6 {[%emt 0:00:00]} 3. c3 {[%emt 0:00:00]} Bg7 {[%emt 0:00:10]} 4. Bg5 {[%emt 0:00:07]} O-O {[%emt 0:00:58]} 5. Nbd2 {[%emt 0:00:33]} d5 {[%emt 0:00:37]} 6. e3 {[%emt 0:00:18]} Nbd7 {[%emt 0:00:35]} 7. Be2 {[%emt 0:00:25]} c5 {[%emt 0:00:52]} 8. O-O {[%emt 0:01:16]} cxd4 {[%emt 0:00:32]} 9. exd4 {[%emt 0:00:18]} Re8 {[%emt 0:05:05]} 10. Re1 {[%emt 0:01:04]} Qb6 {[%emt 0:01:37]} 11. Qb3 {[%emt 0:00:25]} Qxb3 {[%emt 0:00:18]} 12. Nxb3 {[%emt 0:00:22]} Ne4 {[%emt 0:02:52]} 13. Bf4 {[%emt 0:02:53]} Nd6 {[%emt 0:01:32]} 14. Nbd2 {[%emt 0:00:40]} Nb6 {[%emt 0:02:46]} 15. Bd3 {[%emt 0:00:54]} Bf5 {[%emt 0:01:35]} 16. Bf1 {[%emt 0:03:27]} Ne4 {[%emt 0:05:53]} 17. h3 {[%emt 0:04:05]} Nxd2 {[%emt 0:00:55]} 18. Nxd2 {[%emt 0:00:18]} Bd7 {[%emt 0:01:31]} 19. Bd3 {[%emt 0:06:36]} e6 {[%emt 0:00:41]} 20. Nf3 {[%emt 0:07:18]} Rac8 {[%emt 0:06:26]} 21. Rac1 {[%emt 0:02:47]} Nc4 {[%emt 0:06:55]} 22. b3 {[%emt 0:02:33]} Na5 {[%emt 0:05:57]} 23. Ne5 {[%emt 0:03:09]} Bxe5 {[%emt 0:00:30]} 24. Bxe5 {[%emt 0:00:18]} Nc6 {[%emt 0:00:26]} 25. Bf4 {[%emt 0:01:22]} Kg7 {[%emt 0:00:38]} 26. Bb5 {[%emt 0:09:29]} a6 {[%emt 0:05:13]} 27. Bd3 {[%emt 0:02:42]} Na7 {[%emt 0:04:34]} 28. a4 {[%emt 0:03:54]} b5 {[%emt 0:01:38]} 29. a5 {[%emt 0:01:24]} Nc6 {[%emt 0:01:36]} 30. b4 {[%emt 0:00:39]} Nd8 {[%emt 0:05:08]} 31. Be5+ {[%emt 0:02:02]} Kg8 {[%emt 0:01:07]} 32. Kf1 {[%emt 0:01:14]} Nb7 {[%emt 0:00:23]} 33. g4 {[%emt 0:06:11]} Rc6 {[%emt 0:00:19]} 34. Rc2 {[%emt 0:02:41]} Rec8 {[%emt 0:00:41]} 35. Rec1 {[%emt 0:00:26]} Nd6 {[%emt 0:00:50]} 36. Bxd6 1/2-1/2

[Event "DFMMLV 2019"]
[Site "Braunfels"]
[Date "2019.06.23"]
[Round "5.55"]
[White "Alhassan, Jodi"]
[Black "Boos-Guckes, Astrid"]
[Result "1/2-1/2"]
[WhiteElo "1108"]
[BlackElo "1329"]
[Annotator "NA"]
[PlyCount "86"]
[EventDate "2019.06.20"]
[EventType "team-tourn"]
[EventCountry "GER"]
[SourceTitle "playchess.com"]
[Source "ChessBase"]
[SourceQuality "1"]
[WhiteTeam "Saarland"]
[BlackTeam "Rheinland Pfalz"]
[TimeControl "40/5400+30:1800+30"]

1. e4 {[%emt 0:00:00]} e6 {[%emt 0:00:00]} 2. d4 {[%emt 0:00:00]} d5 {[%emt 0:00:03]} 3. Nc3 {[%emt 0:00:48]} c5 {[%emt 0:01:24]} 4. Nf3 {[%emt 0:05:56]} cxd4 {[%emt 0:02:56]} 5. Qxd4 {[%emt 0:04:37]} Nc6 {[%emt 0:04:36]} 6. Bb5 {[%emt 0:16:21]} Bd7 {[%emt 0:02:28]} 7. Bxc6 {[%emt 0:01:45]} Bxc6 {[%emt 0:00:20]} 8. e5 {[%emt 0:04:35]} Ne7 {[%emt 0:01:45]} 9. Nh4 {[%emt 0:08:12]} Qd7 {[%emt 0:17:46]} 10. a4 {[%emt 0:05:43]} b6 {[%emt 0:05:19]} 11. O-O {[%emt 0:03:01]} Ng6 {[%emt 0:01:24]} 12. Nxg6 {[%emt 0:13:17]} hxg6 {[%emt 0:00:39]} 13. b4 {[%emt 0:03:15]} Be7 {[%emt 0:03:12]} 14. b5 {[%emt 0:03:58]} Bb7 {[%emt 0:00:31]} 15. g3 {[%emt 0:05:51]} O-O {[%emt 0:00:51]} 16. Rd1 {[%emt 0:03:05]} Rfc8 {[%emt 0:00:25]} 17. Ra2 {[%emt 0:08:38]} Rc4 {[%emt 0:01:13]} 18. Qd3 {[%emt 0:01:21]} Bb4 {[%emt 0:03:27]} 19. Ne2 {[%emt 0:01:19]} Rac8 {[%emt 0:01:54]} 20. Bd2 {[%emt 0:01:51]} Bxd2 {[%emt 0:05:59]} 21. Rxd2 {[%emt 0:00:26]} Qc7 {[%emt 0:15:06]} 22. Kf1 {[%emt 0:01:22]} Qxe5 {[%emt 0:03:14]} 23. f4 {[%emt 0:03:10]} Qe4 {[%emt 0:03:22]} 24. Qxe4 {[%emt 0:01:19]} Rxe4 {[%emt 0:00:21]} 25. Kf2 {[%emt 0:00:47]} Rb4 {[%emt 0:03:30]} 26. Rd1 {[%emt 0:01:25]} Rbc4 {[%emt 0:03:14]} 27. Rd2 {[%emt 0:00:17]} Ra8 {[%emt 0:05:33]} 28. Rd4 {[%emt 0:01:02]} Rxd4 {[%emt 0:00:38]} 29. Nxd4 {[%emt 0:00:05]} Rc8 {[%emt 0:03:42]} 30. Ke2 {[%emt 0:00:16]} Ra8 {[%emt 0:01:33]} 31. Kf2 {[%emt 0:00:14]} a6 {[%emt 0:00:18]} 32. bxa6 {[%emt 0:00:49]} Bxa6 {[%emt 0:02:29]} 33. Rb2 {[%emt 0:00:42]} Rb8 {[%emt 0:00:49]} 34. Nc6 {[%emt 0:00:21]} Rb7 {[%emt 0:01:21]} 35. Nd8 {[%emt 0:00:44]} Rd7 {[%emt 0:01:47]} 36. Rxb6 {[%emt 0:00:29]} Bc8 {[%emt 0:02:46]} 37. Nc6 {[%emt 0:00:29]} Rb7 {[%emt 0:01:01]} 38. Rxb7 {[%emt 0:00:39]} Bxb7 {[%emt 0:00:01]} 39. Nb4 {[%emt 0:00:24]} Bc8 {[%emt 0:00:31]} 40. a5 {[%emt 0:00:17]} Bd7 {[%emt 0:01:26]} 41. a6 {[%emt 0:30:17]} Bc8 {[%emt 0:00:45]} 42. a7 {[%emt 0:00:00]} Bb7 {[%emt 0:00:21]} 43. Ke3 {[%emt 0:00:00]} Kf8 {Ke4} 1/2-1/2